The Most Famous Flags of the World - Statistics

General Stats
  • This quiz has been taken 20 times
  • The average score is 17 of 18
Answer Stats
Picture Answer % Correct
Brazil
100%
Canada
100%
France
100%
Germany
100%
Mexico
100%
Spain
100%
United Kingdom
100%
United States
100%
Australia
95%
China
95%
Greece
95%
Ireland
95%
Italy
95%
Japan
95%
South Korea
95%
Switzerland
95%
Denmark
89%
Israel
89%
No matching quizzes found
Score Distribution
Percent of People with Each Score
Percentile by Number Answered
Your Score History
You have not taken this quiz